Mayo Clinic health letter (Record no. 115958)

MARC details
000 -LEADER
fixed length control field 01508cas a22003615a 4500
001 - CONTROL NUMBER
control field vtls003134302
003 - CONTROL NUMBER IDENTIFIER
control field MY-SjTCS
005 - DATE AND TIME OF LATEST TRANSACTION
control field 20200207085350.0
006 - FIXED-LENGTH DATA ELEMENTS--ADDITIONAL MATERIAL CHARACTERISTICS
fixed length control field m d ||||||
007 - PHYSICAL DESCRIPTION FIXED FIELD--GENERAL INFORMATION
fixed length control field cr anunnnuuuaa
008 - FIXED-LENGTH DATA ELEMENTS--GENERAL INFORMATION
fixed length control field 831209c19839999mnumr1p 0 a0eng d
022 0# - INTERNATIONAL STANDARD SERIAL NUMBER
International Standard Serial Number 0741-6245
035 ## - SYSTEM CONTROL NUMBER
System control number (EbpS)ebs776589
039 #9 - LEVEL OF BIBLIOGRAPHIC CONTROL AND CODING DETAIL [OBSOLETE]
Level of rules in bibliographic description 201210311550
Level of effort used to assign nonsubject heading access points pushpa
-- 200812260844
-- VLOAD
060 00 - NATIONAL LIBRARY OF MEDICINE CALL NUMBER
Classification number W1
Item number MA997UH
245 00 - TITLE STATEMENT
Title Mayo Clinic health letter
Medium [electronic resource].
250 ## - EDITION STATEMENT
Edition statement [English ed.].
260 ## - PUBLICATION, DISTRIBUTION, ETC.
Place of publication, distribution, etc. Rochester, MN :
Name of publisher, distributor, etc. The Clinic,
Date of publication, distribution, etc. [c1983-
310 ## - CURRENT PUBLICATION FREQUENCY
Current publication frequency Monthly
362 0# - DATES OF PUBLICATION AND/OR SEQUENTIAL DESIGNATION
Dates of publication and/or sequential designation Vol. 1, no. 1 (Sept. 1983)-
500 ## - GENERAL NOTE
General note Title from caption.
500 ## - GENERAL NOTE
General note Publisher: Mayo Foundation for Medical Education and Research, <Oct. 1997->
500 ## - GENERAL NOTE
General note Latest issue consulted: Vol. 16, no. 2 (Feb. 1998).
500 ## - GENERAL NOTE
General note Academic Journal
529 ## -
-- TSLHHL
530 ## - ADDITIONAL PHYSICAL FORM AVAILABLE NOTE
Additional physical form available note Indexing and abstracting for print publication.
580 ## - LINKING ENTRY COMPLEXITY NOTE
Linking entry complexity note Selected articles are translated into German and issued in a German edition.
650 #0 - SUBJECT ADDED ENTRY--TOPICAL TERM
Topical term or geographic name entry element Health
Form subdivision Periodicals.
710 2# - ADDED ENTRY--CORPORATE NAME
Corporate name or jurisdiction name as entry element Mayo Clinic.
710 2# - ADDED ENTRY--CORPORATE NAME
Corporate name or jurisdiction name as entry element Mayo Foundation for Medical Education and Research.
773 0# - HOST ITEM ENTRY
Title Academic Source Complete
Place, publisher, and date of publication Ipswich, MA : EBSCO Publishing, 1999-
856 40 - ELECTRONIC LOCATION AND ACCESS
Uniform Resource Identifier https://ezproxy.taylors.edu.my/login?url=https://search.ebscohost.com/direct.asp?db=a9h&jid=MAY
Public note Accessible through the World Wide Web; click to view
Holdings
Withdrawn status Lost status Damaged status Not for loan Home library Current library Date acquired Total Checkouts Date last seen Price effective from Koha item type
      e-journal Taylor's Library-TU Taylor's Library-TU 10/12/2025   10/12/2025 10/12/2025 Journals